Central Library OPAC University of Rajshahi
Normal view MARC view

Entry Topical Term

Number of records used in: 4

001 - CONTROL NUMBER

  • control field: 13092

003 - CONTROL NUMBER IDENTIFIER

  • control field: BD-RjUL

005 - DATE AND TIME OF LATEST TRANSACTION

  • control field: 20240521102257.0

008 - FIXED-LENGTH DATA ELEMENTS

  • fixed length control field: 240521|| aca||aabn | a|a d

040 ## - CATALOGING SOURCE

  • Original cataloging agency: BD-RjUL
  • Transcribing agency: BD-RjUL

150 ## - HEADING--TOPICAL TERM

  • Topical term or geographic name entry element: Arthropoda
  • Form subdivision: Coleoptera

670 ## - SOURCE DATA FOUND

  • Source citation: Work cat.: (BD-RjUL)83787: Khanom, Mst. Makhsuda 13091, Dose-Moryality Studies on Extractions of Neem Plant (Azadirachta Indica) on the Red Flour Beetle Tribolium Castaneum (Herbst) /, 1996